Language Quiz

Random Language or German Quiz

In 6 Languages: School Subjects Quiz Stats

 Plays Quiz Updated Sep 9, 2016

Challenge
Share
Tweet
Score 0/10 Timer 05:00
1 Play Today
% Correct
Mathematics
97.5%
Spanish
96.7%
English
96.6%
Biology
96.1%
Physical Education
93%
Physics
92.7%
Art
91.6%
Chemistry
91%
History
87.6%
German
84.4%

You're not logged in!

Compare scores with friends on all Sporcle quizzes.
OR
Log In

You Might Also Like...

Show Comments

Extras

Top Quizzes Today


Score Distribution

Your Account Isn't Verified!

In order to create a playlist on Sporcle, you need to verify the email address you used during registration. Go to your Sporcle Settings to finish the process.

Report this User

Report this user for behavior that violates our Community Guidelines.

Details: